| 000 | 00685nam a2200229Ia 4500 | ||
|---|---|---|---|
| 003 | OSt | ||
| 005 | 20230724110750.0 | ||
| 008 | 210716s1988 xx 000 0 und d | ||
| 020 | _a0070628793 | ||
| 040 | _cAIMIT LIBRARY | ||
| 041 | _aeng | ||
| 082 |
_a005.43 _21 _bTARR |
||
| 100 |
_aTare, Ramkrishna S. _9128117 |
||
| 245 |
_aUnix utilities / _cBy Ramkrishna S. Tare. |
||
| 250 | _a1st ed. | ||
| 260 |
_aNew York : _bMcGraw Hill , _c1988. |
||
| 300 |
_axx,387 p.; _bPB _c22 cm. |
||
| 650 |
_aDebuggers _9128118 |
||
| 650 |
_aLanguage development tools _9128119 |
||
| 650 |
_aText formatting tools _9128120 |
||
| 942 |
_2ddc _cBK _k005.43 TARR _h005.43 TARR |
||
| 999 |
_c182864 _d182864 |
||